| 000 | 00391nam a22001457a 4500 | ||
|---|---|---|---|
| 999 |
_c2597 _d2597 |
||
| 008 | 200311b ||||| |||| 00| 0 eng d | ||
| 020 | _a9788173199363 | ||
| 100 |
_92185 _aVishwanathan, B. |
||
| 245 | 1 | 0 |
_aNano materials _cby B. Vishwanathan. |
| 250 | _a1st ed. | ||
| 260 |
_aNew Delhi, _bNarosa Publishing House: _c2009. |
||
| 300 | _axiii,205p. | ||
| 650 | 0 | _aMaterials Science | |
| 942 | _cBK | ||